Dirty beasts / (Record no. 8561)

MARC details
000 -LEADER
fixed length control field 01332cam a2200409 a 4500
001 - CONTROL NUMBER
control field 8561
003 - CONTROL NUMBER IDENTIFIER
control field FISKH
005 - DATE AND TIME OF LATEST TRANSACTION
control field 20250930102541.0
008 - FIXED-LENGTH DATA ELEMENTS--GENERAL INFORMATION
fixed length control field 841127s1983 nyua j 000 0 eng
010 ## - LIBRARY OF CONGRESS CONTROL NUMBER
LC control number 82083905
020 ## - INTERNATIONAL STANDARD BOOK NUMBER
International Standard Book Number 0374317909 :
020 ## - INTERNATIONAL STANDARD BOOK NUMBER
International Standard Book Number 9780374317904
020 ## - INTERNATIONAL STANDARD BOOK NUMBER
International Standard Book Number 9780142302279
035 ## - SYSTEM CONTROL NUMBER
System control number 918253
040 ## - CATALOGING SOURCE
Original cataloging agency DLC
Transcribing agency DLC
Modifying agency DLC
Language of cataloging eng
042 ## - AUTHENTICATION CODE
Authentication code lcac
050 00 - LIBRARY OF CONGRESS CALL NUMBER
Classification number PR6054.A35
Item number D5 1983b
082 00 - DEWEY DECIMAL CLASSIFICATION NUMBER
Classification number 821/.914
Edition number 19
100 1# - MAIN ENTRY--PERSONAL NAME
Personal name Dahl, Roald.
245 10 - TITLE STATEMENT
Title Dirty beasts /
Statement of responsibility, etc. Roald Dahl ; pictures by Rosemary Fawcett.
260 ## - PUBLICATION, DISTRIBUTION, ETC.
Place of publication, distribution, etc. New York :
Name of publisher, distributor, etc. Puffin Books,
Date of publication, distribution, etc. 1983.
300 ## - PHYSICAL DESCRIPTION
Extent 31 pages :
Other physical details color illustrations ;
Dimensions 27 cm
505 ## - FORMATTED CONTENTS NOTE
Formatted contents note R<br/>
520 ## - SUMMARY, ETC.
Summary, etc. A collection of humorous poems about amazing or nasty creatures, including a flying cow, a pig who turns the tables on a farmer, and crocodiles, lions, and anteaters who delight in devouring people.
521 8# - TARGET AUDIENCE NOTE
Target audience note 740<br/>
Source Lexile estimate<br/>
521 8# - TARGET AUDIENCE NOTE
Target audience note R<br/>
Source Raz-Plus<br/>
650 #0 - SUBJECT ADDED ENTRY--TOPICAL TERM
Topical term or geographic name entry element Animals
General subdivision Juvenile poetry.
650 #0 - SUBJECT ADDED ENTRY--TOPICAL TERM
Topical term or geographic name entry element Children's poetry, English.
650 #0 - SUBJECT ADDED ENTRY--TOPICAL TERM
Topical term or geographic name entry element Humorous poetry, English.
650 #1 - SUBJECT ADDED ENTRY--TOPICAL TERM
Topical term or geographic name entry element Animals
General subdivision Poetry.
650 #1 - SUBJECT ADDED ENTRY--TOPICAL TERM
Topical term or geographic name entry element Humorous poetry.
650 #1 - SUBJECT ADDED ENTRY--TOPICAL TERM
Topical term or geographic name entry element English poetry.
700 1# - ADDED ENTRY--PERSONAL NAME
Personal name Fawcett, Rosemary,
Relator term illustrator
906 ## - LOCAL DATA ELEMENT F, LDF (RLIN)
a 7
b cbc
c orignew
d 3
e opcn
f 19
g y-gencatlg
942 ## - ADDED ENTRY ELEMENTS (KOHA)
Source of classification or shelving scheme Dewey Decimal Classification
Koha item type Books
Suppress in OPAC No
Holdings
Withdrawn status Lost status Source of classification or shelving scheme Damaged status Not for loan Collection Home library Current library Shelving location Date acquired Total Checkouts Full call number Barcode Date last seen Copy number Price effective from Koha item type Date last checked out
    Dewey Decimal Classification     Juvenile Fiction Footprints International School Library Network Toul Kork Campus Footprints International School Library Network Toul Kork Campus TK Primary Library Room(4th Floor), Bookcase 5&6, Shelves 33-56, Orange Books 09/30/2025   DAL 821.914 PR6054.A35 D5 FISTKG4B035 09/30/2025 1 09/30/2025 Books  
    Dewey Decimal Classification     Juvenile Fiction Footprints International School Library Network Toul Tom Poung Campus Footprints International School Library Network Toul Tom Poung Campus TTP Primary Orange Bookshelves 10/24/2025 1 DAL 821.914 PR6054.A35 D5 FISTK00979 12/10/2025 2 10/24/2025 Books 11/26/2025